Určenie miesta dodania služby vzťahujúceho sa na nehnuteľnosť

Fakturácia DPH v prípade, ak odberateľom je firma členskej krajiny Európskej únie a odberateľ je občan Rakúska. Služby dodávané v rámci Európskej únie a prenos daňovej povinnosti na odberateľa.

Salvato in:
Dettagli Bibliografici
Autore principale: Válek, Juraj, 1981-
Natura: Capitolo di libro
Lingua:slovacco
Soggetti:
Tags: Aggiungi Tag
Nessun Tag, puoi essere il primo ad aggiungerne!!

MARC

LEADER 00000naa a2200000 4500
001 0226011
005 20240502073717.9
041 0 |a slo 
044 |a SK 
245 1 0 |a Určenie miesta dodania služby vzťahujúceho sa na nehnuteľnosť  |c Juraj Válek 
520 |a Fakturácia DPH v prípade, ak odberateľom je firma členskej krajiny Európskej únie a odberateľ je občan Rakúska. Služby dodávané v rámci Európskej únie a prenos daňovej povinnosti na odberateľa. 
610 2 0 |a dane z hodnoty pridanej 
610 2 0 |a povinnosť daňová 
610 2 0 |a priznania daňové 
610 2 0 |a fakturovanie 
610 2 0 |a účtovníctvo daňové 
610 2 0 |a zdaňovanie 
100 1 |a Válek, Juraj, 1981-